Welcome to CU Library Online Public Access Catalogue (OPAC)

Organizational Behavior (Record no. 1441)

MARC details
000 -LEADER
fixed length control field 00581nam a22001937a 4500
005 - DATE AND TIME OF LATEST TRANSACTION
control field 20241122141054.0
008 - FIXED-LENGTH DATA ELEMENTS--GENERAL INFORMATION
fixed length control field 241122b |||||||| |||| 00| 0 eng d
020 ## - INTERNATIONAL STANDARD BOOK NUMBER
International Standard Book Number 9780072866582
050 ## - LIBRARY OF CONGRESS CALL NUMBER
Classification number HD58.7
Item number .K766 KRE
100 ## - MAIN ENTRY--PERSONAL NAME
Personal name Kreitner Robert
245 ## - TITLE STATEMENT
Title Organizational Behavior
Statement of responsibility, etc. Robert Kreitner & Angelo Kinicki
250 ## - EDITION STATEMENT
Edition statement 6th Ed.
260 ## - PUBLICATION, DISTRIBUTION, ETC.
Place of publication, distribution, etc. Boston:
Name of publisher, distributor, etc. McGraw-Hill/Irwin
Date of publication, distribution, etc. 2004
300 ## - PHYSICAL DESCRIPTION
Extent xxix. mixed pagings.
Other physical details ill. col.
Dimensions 26 cm x 24 cm
500 ## - GENERAL NOTE
General note Includes Index
650 ## - SUBJECT ADDED ENTRY--TOPICAL TERM
Source of heading or term Organizational Behavior
700 ## - ADDED ENTRY--PERSONAL NAME
Personal name Kinicki Angelo
942 ## - ADDED ENTRY ELEMENTS (KOHA)
Source of classification or shelving scheme Library of Congress Classification
Koha item type Books
Edition 6th Ed.
Suppress in OPAC No
999 ## -
-- 1441
-- 1441
Holdings
Withdrawn status Lost status Source of classification or shelving scheme Damaged status Not for loan Collection Home library Current library Shelving location Date acquired Total checkouts Full call number Barcode Date last seen Copy number Price effective from Koha item type
    Library of Congress Classification     Non-fiction Business Library (Miotso) Business Library (Miotso) General stacks 11/22/2024   HD58.7 .K766 KRE BSSM00000285 11/22/2024 1 11/22/2024 Books
© 2023-2024 Copyright: Central University Libraries. All Rights Reserved | Created by: Mahone Tech Office